mysqli: Table './ulib62015/stat_globaluid' is marked as crashed and should be repaired
select id from stat_globaluid where statuid='20260705212537_2682'
mysqli: Table './ulib62015/stat_globaluid' is marked as crashed and should be repaired
DELETE FROM stat_globaluid
WHERE id NOT IN (
SELECT id
FROM (
SELECT id
FROM stat_globaluid
ORDER BY id DESC
LIMIT 100
) foo
);
mysqli: Table './ulib62015/stat_globaluid' is marked as crashed and should be repaired
insert into stat_globaluid set
statuid='20260705212537_2682',
dt='1783261537',
phpself='/ULIB62015/dublinfull.php',
agent='Mozilla/5.0 AppleWebKit/537.36 (KHTML, like Gecko; compatible; ClaudeBot/1.0; +claudebot@anthropic.com)',
yea='2026',
mon='7',
dat='5',
ip='216.73.216.111'
mysqli: Table './ulib62015/stathist_viewbib_bib_type' is marked as crashed and should be repaired
insert into stathist_viewbib_bib_type set
dat='05' ,
mon='07' ,
yea='2026' ,
statuid='20260705212537_2682' ,
head='24924' ,
foot='marc' ,
dt='1783261537'
| LEADER : 01174nam 2200277 a 4500 |
| 008 030417s2004 caua sb 001 0 eng |
| 050 ^a6250 |
| 060 ^aบ131E |
| 082 ^aPE |
| 100 ^aบ๊อบ ก๊อดสัน |
| 245 ^aEnglish for the Medical Profession = บทสนทนาภาษาอังกฤษ สำหรับบุคลากรทางการแพทย์ |
| 913 ^aImported by ULIBM Administrator |
| 945 ^p135^l0^i004497
|
| 945 ^p135^l0^i004495 |
| 949 ^aImport form external file by ULIBM system |
| คุณยังไม่ได้ล็อกอิน คุณสามารถมีกิจกรรมร่วมกับเว็บไซต์ได้ แต่ต้องล็อกอินก่อน :: |
|
|
|
| ลำดับที่ |
ประเภท |
เลขเรียก/บาร์โค้ด |
สถานที่ |
สถานะ |
| 1. |
 หนังสือ | PE 6250 บ131E 2004 ฉ.2 Barcode: 004495 | หนังสือทั่วไป | บนชั้น ขอยืม |
| 2. |
 หนังสือ | PE 6250 บ131E 2004 ฉ.4 Barcode: 004497 | หนังสือทั่วไป | บนชั้น ขอยืม |
|
ยังไม่เคยถูกคอมเมนท์
|
| คอมเมนท์ทรัพยากรรายการนี้ |
|